00945nam a2200265 k 4500001001300000005001500013008004100028020003300069040001900102041001300121049001700134056001400151090002200165100002100187245015100208260003400359300001600393546004400409653005800453700002100511700001400532740007400546940004800620950001100668KMO20260069120260331090850260328s2025 ulk 000 kor a9791163221685g03590c\15000 a146043c1460431 akorhjpn0 lMEM000012268 a511.1626 a511.16b다211ㅋ1 a다나베 유우10a키 10cm 더 크는 슈퍼루틴b15,000명 임상 분석이 증명한 성장판 골든타임 솔루션d다나베 유우 지음e박현아 옮김 a서울b유아이북스c2025 a184p.c21cm a일본어 원작을 한국어로 번역 a키성장a육아a성장판a발달a발달생리학1 a다나베 유우1 a박현아02a15,000명 임상 분석이 증명한 성장판 골든타임 솔루션0 a키 십센치미터 더 크는 슈퍼루틴0 b\15000 |
|---|